000 00283nam a22001217a 4500
041 _aENG
100 _aGupta .R.K
245 _aEngineerinf For Rural Development
260 _aDelhi
_bJain Brothers
_c1998
300 _a229
650 _aCompetitive Exam
856 _uCompetitive Exam
999 _c695
_d695